| 000 | 00399nam a22001217a 4500 | ||
|---|---|---|---|
| 008 | 090205t xxu||||| |||| 00| 0 eng d | ||
| 020 | _a8126114770 | ||
| 082 |
_222 _a332.6 _bGAN |
||
| 245 |
_aInvestment management : _bIncluding Portfolio Management & Security Analysis/ _cV. Gangadhar & G. Ramesh Babu |
||
| 260 |
_aNew Delhi: _bAnmol publications, _c2003 |
||
| 300 |
_a465p.; _c22 cm. |
||
| 942 |
_2ddc _cBB |
||
| 999 |
_c10722 _d10722 |
||